000 01265nam a22002777a 4500
001 1432
005 20240627100316.0
020 _a9789924340140
040 _aFISKH
_beng
_cFISKH
_dFISKH
082 _a306.85
100 _aSumnea, Meng
245 _aរំខានមែន !
_cនិពន្ធដោយ ម៉េង សុមនា ទ្រី សម្ភស្ស និង​ជ្រីម ហុកស្រិន - គូររូបដោយ សៀត សុភាព
250 _aបោះពុម្ពលើកទី ១ មីនា ២០២១
260 _aPhnom Penh:
_bSipar,
_c2021
300 _a19 pages :
_bcolor illustrations ;
_c27 cm
490 _aតស់អាន!
505 _aJ
520 _aក្មេងស្រីតូចម្នាក់ព្យាយាមសួរមនុស្សជុំវិញនាងថា ពាក្យរំខានមានន័យដូចម្ដេច?​
520 _aA little girl tries to ask people around her what the word annoying means.
521 _a500
_bLexile estimate
521 _aJ
_bRaz-PLus
650 _aរំខាន
_vសួរ
650 _aAnnoy
_vAsk
700 _aSopheap, Siet
_cillustrator
942 _2ddc
_cBK
_n0
999 _c1432
_d1432